[Event "Attica CupT final"]
[Site "Attica"]
[Date "2019.05.19"]
[Round "2.2"]
[White "Kesoglou, Konstantinos"]
[Black "Karakatsanis, Nikolaos"]
[Result "1-0"]
[WhiteElo "1949"]
[BlackElo "1956"]
[PlyCount "154"]
[EventDate "2019.05.18"]
[EventType "team-k.o."]
[EventRounds "2"]
[EventCountry "GRE"]
[SourceTitle "CBM 190 Extra"]
[Source "ChessBase"]
[SourceDate "2019.07.15"]
[SourceVersion "1"]
[SourceVersionDate "2019.07.15"]
[SourceQuality "1"]
[WhiteTeam "Petroupolis Dias"]
[BlackTeam "Peiraikos"]
[WhiteTeamCountry "GRE"]
[BlackTeamCountry "GRE"]

1. d4 Nf6 2. Nf3 g6 3. g3 Bg7 4. Bg2 d5 5. 0-0 0-0 6. Nbd2 Ne4 7. Nxe4 dxe4 8. Ne5 Nd7 9. Nxd7 Qxd7 10. Bxe4 Qxd4 11. Qxd4 Bxd4 12. c3 Bg7 13. f4 Bh3 14. Rd1 Rad8 15. Be3 b6 16. Bf3 h5 17. Bd4 a5 18. e4 Be6 19. b3 a4 20. bxa4 Ra8 21. f5 Bc8 22. e5 Rxa4 23. Bc6 Ra5 24. f6 exf6 25. exf6 Bh6 26. Re1 Be6 27. a4 Rd8 28. Bb5 Bf8 29. Be3 Bd6 30. Bf2 Bd7 31. c4 Raa8 32. Rad1 Bxb5 33. axb5 Re8 34. Rxe8+ Rxe8 35. Bxb6 h4 36. Bf2 Re5 37. gxh4 Bc5 38. Rd5 Rxd5 39. cxd5 Bb4 40. Kf1 Kf8 41. Ke2 Ke8 42. Kd3 Kd7 43. Kc4 Bd2 44. Bg3 Bc1 45. Be5 Be3 46. Kd3 Bf2 47. Bg3 Bc5 48. Ke4 Bb4 49. Bf4 Bc3 50. Be5 Be1 51. h5 gxh5 52. Kf5 Bd2 53. Ke4 Bc1 54. Kd3 Bg5 55. Kc3 Be3 56. Kd3 Bg5 57. Kc4 Be3 58. h3 Bc1 59. Bd4 Bg5 60. Kc5 Bf4 61. Kc4 Bg5 62. Bc3 Kd6 63. Bb4+ Kd7 64. Be7 Bf4 65. Kd4 Bg5 66. d6 cxd6 67. Kd5 Bf4 68. b6 Be3 69. b7 Kc7 70. Bd8+ Kxb7 71. Kxd6 Kc8 72. Ba5 Bd4 73. Ke7 Bc5+ 74. Kxf7 Kd7 75. Kg8 Ke6 76. f7 h4 77. Bd8 Kd5 1-0

[Event "Petroupoli Dias CM 1st"]
[Site "Petroupoli"]
[Date "2019.02.21"]
[Round "5"]
[White "Kesoglou, Konstantinos"]
[Black "Kofidis, Andreas"]
[Result "0-1"]
[WhiteElo "1956"]
[BlackElo "2297"]
[PlyCount "56"]
[EventDate "2019.01.24"]
[EventType "tourn"]
[EventRounds "9"]
[EventCountry "GRE"]
[SourceTitle "EXT 2021"]
[Source "ChessBase"]
[SourceDate "2020.10.23"]
[SourceVersion "1"]
[SourceVersionDate "2020.10.23"]
[SourceQuality "1"]

1. d4 Nf6 2. Nf3 g6 3. g3 Bg7 4. Bg2 d5 5. 0-0 0-0 6. Nbd2 Nc6 7. c3 b6 8. Re1 Bb7 9. h3 Re8 10. b4 a6 11. Nb3 Ne4 12. Bb2 e5 13. dxe5 Nxe5 14. Nxe5 Bxe5 15. Bxe4 dxe4 16. Qxd8 Raxd8 17. e3 Rd3 18. Rac1 Red8 19. Ba1 Bd5 20. Nd4 Bc4 21. a4 Bf6 22. Rb1 Rd2 23. a5 c5 24. bxc5 bxc5 25. Rb6 Kg7 26. Nc6 Rd1 27. Rb1 Rxe1+ 28. Rxe1 Rc8 0-1

[Event "Athens Georgiou CC op 4th"]
[Site "Athens"]
[Date "2018.04.28"]
[Round "6"]
[White "Poulos, Georgios"]
[Black "Kesoglou, Konstantinos"]
[Result "0-1"]
[WhiteElo "2032"]
[BlackElo "2025"]
[PlyCount "54"]
[EventDate "2018.03.10"]
[EventType "swiss"]
[EventRounds "7"]
[EventCountry "GRE"]
[SourceTitle "EXT 2020"]
[Source "ChessBase"]
[SourceDate "2019.10.17"]
[SourceVersion "1"]
[SourceVersionDate "2019.10.17"]
[SourceQuality "1"]

1. e4 c5 2. Nf3 Nc6 3. d4 cxd4 4. Nxd4 Nf6 5. Nc3 e5 6. Ndb5 d6 7. Nd5 Nxd5 8. exd5 Nb8 9. Qf3 a6 10. Qa3 Be7 11. Bg5 f6 12. Bd2 0-0 13. Bb4 Qd7 14. Nxd6 a5 15. Bb5 Qc7 16. Ne8 Bxb4+ 17. Qxb4 Rxe8 18. Qb3 a4 19. Bxa4 Rf8 20. 0-0-0 Qd6 21. h4 Na6 22. Bb5 Nc5 23. Qc4 Bf5 24. g4 Be4 25. b4 Nd3+ 26. cxd3 Rfc8 27. Rhe1 Bxd5 0-1

[Event "Ambelokipi op 167th"]
[Site "Athens"]
[Date "2018.02.21"]
[Round "7"]
[White "Kofidis, Andreas"]
[Black "Kesoglou, Konstantinos"]
[Result "1-0"]
[WhiteElo "2330"]
[BlackElo "2038"]
[PlyCount "55"]
[EventDate "2018.01.10"]
[EventType "swiss"]
[EventRounds "7"]
[EventCountry "GRE"]
[SourceTitle "EXT 2019"]
[Source "ChessBase"]
[SourceDate "2018.10.10"]
[SourceVersion "1"]
[SourceVersionDate "2018.10.10"]
[SourceQuality "1"]

1. e4 c5 2. Nf3 Nc6 3. d4 cxd4 4. Nxd4 Nf6 5. Nc3 e5 6. Nxc6 bxc6 7. Bd3 Be7 8. 0-0 d6 9. Qe2 Be6 10. b3 Qc7 11. Bb2 0-0 12. Na4 Nd7 13. c4 c5 14. Nc3 a6 15. g3 f6 16. f4 g5 17. Nd5 Bxd5 18. exd5 gxf4 19. Bf5 Rfd8 20. Qh5 Nf8 21. gxf4 Rd7 22. Kh1 Bd8 23. Bxd7 Qxd7 24. Rg1+ Kh8 25. fxe5 dxe5 26. Rg3 h6 27. Qxh6+ Nh7 28. Rag1 1-0

[Event "Athens Georgiou Memorial 2nd"]
[Site "Athens"]
[Date "2016.03.05"]
[Round "2"]
[White "Kesoglou, Konstantinos"]
[Black "Divaris, Dionisis"]
[Result "1-0"]
[WhiteElo "1971"]
[BlackElo "1729"]
[PlyCount "93"]
[EventDate "2016.02.27"]
[EventType "swiss"]
[EventRounds "7"]
[EventCountry "GRE"]
[SourceTitle "EXT 2024"]
[Source "ChessBase"]
[SourceDate "2023.10.10"]
[SourceVersion "1"]
[SourceVersionDate "2023.10.10"]
[SourceQuality "1"]

1. d4 e6 2. Nf3 f5 3. g3 Nf6 4. Bg2 d5 5. 0-0 Bd6 6. c4 c6 7. b3 Qe7 8. Bb2 0-0 9. Qc2 Ne4 10. Ne5 Nd7 11. Nd2 Nxd2 12. Qxd2 a5 13. a4 Nxe5 14. dxe5 Bb4 15. Qc2 b6 16. Rac1 Bb7 17. cxd5 exd5 18. Rfd1 Rad8 19. Qd3 c5 20. e3 Bc6 21. Bh3 Qf7 22. Bg2 Kh8 23. f4 h5 24. Qe2 Kh7 25. Bf3 g6 26. h3 Qe6 27. Kf2 Rf7 28. Bxh5 d4 29. exd4 Qxb3 30. Rd3 Qe6 31. Bf3 Rfd7 32. Bxc6 Qxc6 33. g4 Qe6 34. g5 cxd4 35. h4 Bc5 36. h5 Rh8 37. Rh1 Kg7 38. Qd1 Qa2 39. Rd2 Qd5 40. Kg3 Rxh5 41. Rxh5 gxh5 42. Qxh5 Qb3+ 43. Qf3 Qxf3+ 44. Kxf3 Kg6 45. Rh2 Rh7 46. Rxh7 Kxh7 47. Ke2 1-0

[Event "Athens Siaperas Memorial 12th"]
[Site "Athens"]
[Date "2016.01.09"]
[Round "1"]
[White "Tzagarakis, Georgios"]
[Black "Kesoglou, Konstantinos"]
[Result "0-1"]
[WhiteElo "1445"]
[BlackElo "1955"]
[PlyCount "66"]
[EventDate "2016.01.09"]
[EventType "swiss"]
[EventRounds "7"]
[EventCountry "GRE"]
[SourceTitle "EXT 2024"]
[Source "ChessBase"]
[SourceDate "2023.10.10"]
[SourceVersion "1"]
[SourceVersionDate "2023.10.10"]
[SourceQuality "1"]

1. e4 c5 2. Nf3 Nc6 3. d4 cxd4 4. Nxd4 Nf6 5. Nc3 d6 6. Bc4 Qb6 7. Nxc6 bxc6 8. Qe2 g6 9. Bb3 Bg7 10. Be3 Qc7 11. 0-0-0 0-0 12. f3 Rb8 13. g4 Be6 14. Qd2 Rfd8 15. h4 Bxb3 16. axb3 d5 17. exd5 Nxd5 18. Bd4 Nxc3 19. Qxc3 Rxd4 20. Rxd4 Qb6 21. Rhd1 c5 22. Rd8+ Rxd8 23. Rxd8+ Qxd8 24. Qxc5 Bd4 25. Qc4 Be3+ 26. Kb1 Bb6 27. b4 Qd1+ 28. Ka2 Qxf3 29. Qc8+ Kg7 30. c4 Bd4 31. h5 Qe2 32. h6+ Kxh6 33. g5+ Kxg5 0-1

[Event "Peristeri Young Men 1st"]
[Site "Peristeri"]
[Date "2015.12.07"]
[Round "5"]
[White "Patriarheas, Georgios"]
[Black "Kesoglou, Konstantinos"]
[Result "1/2-1/2"]
[WhiteElo "1973"]
[BlackElo "1974"]
[PlyCount "70"]
[EventDate "2015.11.09"]
[EventType "tourn"]
[EventRounds "7"]
[EventCountry "GRE"]
[SourceTitle "EXT 2024"]
[Source "ChessBase"]
[SourceDate "2023.10.10"]
[SourceVersion "1"]
[SourceVersionDate "2023.10.10"]
[SourceQuality "1"]

1. e4 Nf6 2. e5 Nd5 3. c4 Nb6 4. d4 d6 5. exd6 cxd6 6. Nc3 g6 7. Be3 Bg7 8. Rc1 0-0 9. b3 e5 10. dxe5 dxe5 11. Qxd8 Rxd8 12. c5 N6d7 13. Bc4 Nc6 14. Nf3 Na5 15. Be2 Nf8 16. 0-0 h6 17. Nb5 Ne6 18. Nd6 Kf8 19. Rfd1 Rb8 20. b4 Nc6 21. b5 Ncd4 22. Bxd4 exd4 23. Bc4 Ke7 24. Bxe6 Bxe6 25. Nxd4 Bxd4 26. Rxd4 b6 27. cxb6 Rxb6 28. Rc7+ Kf8 29. Nf5 Rdb8 30. Ne3 Rxb5 31. h3 a6 32. Ra4 Rb1+ 33. Kh2 Ra1 34. Rxa6 Rxa2 35. Rxa2 Bxa2 1/2-1/2

[Event "Ambelokipi op 155th"]
[Site "Athens"]
[Date "2015.09.23"]
[Round "2"]
[White "Ilandzis, Spyridon"]
[Black "Kesoglou, Konstantinos"]
[Result "1-0"]
[WhiteElo "2181"]
[BlackElo "1974"]
[PlyCount "53"]
[EventDate "2015.09.16"]
[EventType "swiss"]
[EventRounds "7"]
[EventCountry "GRE"]
[SourceTitle "EXT 2024"]
[Source "ChessBase"]
[SourceDate "2023.10.10"]
[SourceVersion "1"]
[SourceVersionDate "2023.10.10"]
[SourceQuality "1"]

1. b3 e5 2. Bb2 Nc6 3. e3 d6 4. Bb5 Nf6 5. Bxc6+ bxc6 6. Ne2 Bb7 7. f4 e4 8. Ng3 c5 9. c4 Qe7 10. 0-0 h5 11. Bxf6 Qxf6 12. Nc3 h4 13. Ngxe4 Qe6 14. f5 Qh6 15. b4 f6 16. Qa4+ Kf7 17. bxc5 Bxe4 18. Nxe4 dxc5 19. Qd7+ Kg8 20. Qd5+ Kh7 21. Qxa8 Bd6 22. Qd5 Rd8 23. Qf7 Be5 24. Rab1 h3 25. g3 Bxg3 26. hxg3 h2+ 27. Kg2 1-0

[Event "Ambelokipi op 153th"]
[Site "Athens"]
[Date "2015.05.13"]
[Round "2"]
[White "Kesoglou, Konstantinos"]
[Black "Tsiros, Fragkiskos Vlasios"]
[Result "0-1"]
[WhiteElo "2008"]
[BlackElo "2209"]
[PlyCount "79"]
[EventDate "2015.05.06"]
[EventType "swiss"]
[EventRounds "7"]
[EventCountry "GRE"]
[SourceTitle "EXT 2024"]
[Source "ChessBase"]
[SourceDate "2023.10.10"]
[SourceVersion "1"]
[SourceVersionDate "2023.10.10"]
[SourceQuality "1"]

1. d4 Nf6 2. c4 e6 3. Nc3 Bb4 4. e3 0-0 5. Bd3 d5 6. Nge2 b6 7. a3 Bd6 8. f3 Bb7 9. cxd5 exd5 10. Ng3 Re8 11. 0-0 c5 12. Nf5 Bf8 13. g4 g6 14. Ng3 Nc6 15. Bb5 a6 16. Bxc6 Bxc6 17. g5 Nd7 18. f4 Bg7 19. h4 f5 20. Rf2 Nf8 21. Nge2 Ne6 22. a4 cxd4 23. Nxd4 Nxd4 24. exd4 b5 25. axb5 Bxb5 26. Kg2 Qb6 27. Ne2 Re6 28. Nc3 Bc4 29. Qf3 Bxd4 30. Rd2 Rd8 31. Na4 Qa7 32. Qd1 Be3 33. Rd3 Bxd3 34. Qxd3 Qe7 35. Nc3 d4 36. Bxe3 Rxe3 37. Qc4+ Qe6 38. Qxe6+ Rxe6 39. Rd1 Rde8 40. Na4 0-1

[Event "Ambelokipi op 152th"]
[Site "Athens"]
[Date "2015.04.22"]
[Round "6"]
[White "Alexopoulos, Alexios"]
[Black "Kesoglou, Konstantinos"]
[Result "0-1"]
[WhiteElo "1847"]
[BlackElo "2035"]
[PlyCount "106"]
[EventDate "2015.03.04"]
[EventType "swiss"]
[EventRounds "7"]
[EventCountry "GRE"]
[SourceTitle "EXT 2024"]
[Source "ChessBase"]
[SourceDate "2023.10.10"]
[SourceVersion "1"]
[SourceVersionDate "2023.10.10"]
[SourceQuality "1"]

1. e4 Nf6 2. e5 Nd5 3. d4 d6 4. c4 Nb6 5. exd6 cxd6 6. Nc3 g6 7. Be3 Bg7 8. Rc1 0-0 9. b3 e6 10. Nf3 d5 11. c5 N6d7 12. Be2 Nf6 13. 0-0 Nc6 14. Re1 Ne4 15. a3 a5 16. Qc2 f5 17. Rcd1 h6 18. Bb5 Bd7 19. Bxc6 Bxc6 20. Bf4 Bd7 21. Be5 Ng5 22. Rd3 Nxf3+ 23. Rxf3 g5 24. a4 Rf7 25. Nb5 Bxe5 26. Rxe5 Rg7 27. Rh3 Qf6 28. Qe2 g4 29. Rc3 Rg6 30. Rc1 f4 31. Qd3 Rf8 32. Rce1 Rf7 33. Nd6 Rfg7 34. g3 Bc6 35. Rxe6 Qxe6 36. Rxe6 Rxe6 37. gxf4 Rf6 38. f5 Re7 39. Qd2 b6 40. Nc8 Re8 41. Nxb6 Kg7 42. Qf4 Kf7 43. Kf1 h5 44. Qc7+ Re7 45. Qc8 Re8 46. Qa6 Kg7 47. Qxa5 Rxf5 48. Qd2 h4 49. Kg2 h3+ 50. Kg3 Re4 51. Nc8 Rf3+ 52. Kh4 g3+ 53. Kxh3 gxf2+ 0-1

[Event "Ambelokipi op 144th"]
[Site "Athens"]
[Date "2014.05.21"]
[Round "3"]
[White "Delithanasis, Dimitrios"]
[Black "Kesoglou, Konstantinos"]
[Result "1/2-1/2"]
[WhiteElo "2190"]
[BlackElo "2039"]
[PlyCount "61"]
[EventDate "2014.05.07"]
[EventType "swiss"]
[EventRounds "7"]
[EventCountry "GRE"]
[SourceTitle "EXT 2016"]
[Source "ChessBase"]
[SourceDate "2015.10.08"]
[SourceVersion "1"]
[SourceVersionDate "2015.10.08"]
[SourceQuality "1"]

1. Nf3 d5 2. d4 Nf6 3. c4 c6 4. Nc3 g6 5. cxd5 cxd5 6. Bf4 Bg7 7. h3 0-0 8. e3 Bf5 9. Qb3 b6 10. Rc1 Nc6 11. Ba6 Na5 12. Qb4 Bc8 13. Be2 Bb7 14. 0-0 Rc8 15. Nb5 Nc6 16. Rxc6 Rxc6 17. Nxa7 Rc4 18. Qa3 Qa8 19. Ne5 Rc2 20. Bd3 Rd2 21. e4 Rxd3 22. Nxd3 dxe4 23. Ne5 e3 24. Nb5 Bxg2 25. Qxa8 Bxa8 26. Bxe3 Nd5 27. Rc1 Bb7 28. Bd2 Rd8 29. a4 f6 30. Nc4 Rc8 31. b3 1/2-1/2

[Event "Athens Siaperas Memorial 10th"]
[Site "Athens"]
[Date "2014.02.01"]
[Round "4"]
[White "Delithanasis, Dimitrios"]
[Black "Kesoglou, Konstantinos"]
[Result "1/2-1/2"]
[WhiteElo "2181"]
[BlackElo "2046"]
[PlyCount "134"]
[EventDate "2014.01.11"]
[EventType "swiss"]
[EventRounds "7"]
[EventCountry "GRE"]
[SourceTitle "EXT 2016"]
[Source "ChessBase"]
[SourceDate "2015.10.08"]
[SourceVersion "1"]
[SourceVersionDate "2015.10.08"]
[SourceQuality "1"]

1. d4 Nf6 2. c4 e6 3. Nc3 Bb4 4. e3 0-0 5. Nge2 d5 6. a3 Be7 7. cxd5 exd5 8. Nf4 c6 9. Bd3 Bd6 10. 0-0 Nbd7 11. f3 Qc7 12. g3 Bxf4 13. gxf4 c5 14. Kh1 b6 15. Bd2 Bb7 16. Rg1 Kh8 17. Qf1 Rae8 18. Qh3 Rg8 19. Nb5 Qc6 20. Nxa7 Qd6 21. Nb5 Qe7 22. Rae1 Bc6 23. Nc3 Qd8 24. b4 cxd4 25. exd4 Rxe1 26. Rxe1 Nf8 27. f5 Ne8 28. b5 Bb7 29. Qg3 f6 30. Bf4 g5 31. Bd2 Nd6 32. Na4 Rg7 33. Bb4 Rd7 34. Re6 Nxe6 35. fxe6 Re7 36. Qxd6 Qxd6 37. Bxd6 Rxe6 38. Bg3 Re3 39. Nb2 Rxf3 40. Kg2 Re3 41. Bc7 Re1 42. Bxb6 Ra1 43. Na4 Rxa3 44. Nc5 Bc8 45. Bd8 Kg7 46. b6 Ra2+ 47. Kg3 Ra3 48. Kf2 Ra2+ 49. Ke1 Rxh2 50. b7 Bxb7 51. Nxb7 h5 52. Nd6 Rh1+ 53. Kf2 Rh2+ 54. Ke3 Rh3+ 55. Kd2 Rh2+ 56. Kc3 Rf2 57. Ne8+ Kf7 58. Nxf6 Rxf6 59. Bxf6 Kxf6 60. Kd2 g4 61. Ke3 Kg5 62. Bh7 h4 63. Bg8 h3 64. Bxd5 g3 65. Be6 g2 66. Kf2 Kf4 67. Kg1 Ke4 1/2-1/2

[Event "Nikaia op 21st"]
[Site "Nikaia"]
[Date "2013.09.02"]
[Round "9"]
[White "Kesoglou, Konstantinos"]
[Black "Iliopoulos, Andreas"]
[Result "1-0"]
[WhiteElo "2114"]
[BlackElo "1888"]
[PlyCount "65"]
[EventDate "2013.08.26"]
[EventType "swiss"]
[EventRounds "9"]
[EventCountry "GRE"]
[SourceTitle "CBM 156 Extra"]
[Source "ChessBase"]
[SourceDate "2013.10.22"]
[SourceVersion "1"]
[SourceVersionDate "2013.10.22"]
[SourceQuality "1"]

1. d4 Nf6 2. c4 c5 3. Nf3 cxd4 4. Nxd4 e5 5. Nb5 d5 6. cxd5 Bc5 7. N5c3 e4 8. Nxe4 Bb4+ 9. Nec3 Nxd5 10. a3 Nxc3 11. Qxd8+ Kxd8 12. Nxc3 Bxc3+ 13. bxc3 Be6 14. g3 Nc6 15. Bg2 Rc8 16. Be3 b6 17. 0-0 Na5 18. Bd4 f6 19. e3 Nb3 20. Rad1 Ke7 21. Rfe1 Rc4 22. Rb1 Ra4 23. f4 Rc8 24. Rb2 Rxa3 25. h3 Kf7 26. g4 Nc5 27. Rbb1 Rc7 28. f5 Bc4 29. Ra1 Rxa1 30. Rxa1 Nb3 31. Ra4 Nxd4 32. exd4 a5 33. Rxc4 1-0

[Event "Nikaia op 21st"]
[Site "Nikaia"]
[Date "2013.08.28"]
[Round "3"]
[White "Kesoglou, Konstantinos"]
[Black "Grigoriadis, Mihail"]
[Result "1-0"]
[WhiteElo "2114"]
[BlackElo "1903"]
[PlyCount "100"]
[EventDate "2013.08.26"]
[EventType "swiss"]
[EventRounds "9"]
[EventCountry "GRE"]
[SourceTitle "CBM 156 Extra"]
[Source "ChessBase"]
[SourceDate "2013.10.22"]
[SourceVersion "1"]
[SourceVersionDate "2013.10.22"]
[SourceQuality "1"]

1. d4 Nf6 2. c4 e6 3. Nc3 Bb4 4. Nf3 0-0 5. Qc2 b6 6. a3 Bxc3+ 7. Qxc3 d5 8. e3 Ne4 9. Qc2 c5 10. Bd3 Bb7 11. cxd5 Qxd5 12. Bxe4 Qxe4 13. Qxe4 Bxe4 14. dxc5 bxc5 15. Bd2 Nd7 16. Bc3 c4 17. 0-0 Rfd8 18. Ne5 Nc5 19. f3 Bd3 20. Rf2 Rac8 21. e4 h5 22. Ba5 Nb3 23. Bxd8 Nxa1 24. Ba5 Nb3 25. Bc3 Rc7 26. Bb4 Nd4 27. Rd2 Nb3 28. Rd1 Bc2 29. Rd8+ Kh7 30. Bd6 Rb7 31. Nxc4 Nc1 32. b4 Ba4 33. e5 Ne2+ 34. Kf2 Nc3 35. Na5 Rd7 36. Rxd7 Bxd7 37. Bc5 a6 38. Nc4 Kg6 39. Bd4 Nb5 40. Bb2 Bc6 41. Ke3 f5 42. Na5 Bd5 43. Kd3 Kg5 44. Nc4 Kh4 45. a4 Na7 46. Bc3 Bc6 47. Nd6 Kg5 48. Bd4 h4 49. Bxa7 h3 50. g3 Bxa4 1-0

[Event "Petroupoli ASOP Dias op"]
[Site "Petroupoli"]
[Date "2013.02.06"]
[Round "3.2"]
[White "Kesoglou, Konstantinos"]
[Black "Georgiou, Kostantinos"]
[Result "0-1"]
[WhiteElo "2113"]
[BlackElo "2265"]
[PlyCount "98"]
[EventDate "2013.01.23"]
[EventType "swiss"]
[EventRounds "7"]
[EventCountry "GRE"]
[SourceTitle "EXT 2024"]
[Source "ChessBase"]
[SourceDate "2023.10.10"]
[SourceVersion "1"]
[SourceVersionDate "2023.10.10"]
[SourceQuality "1"]

1. d4 c5 2. Nf3 cxd4 3. Nxd4 Nc6 4. Nxc6 bxc6 5. g3 g6 6. Bg2 Bg7 7. 0-0 Rb8 8. c3 Nf6 9. Nd2 0-0 10. Qa4 Qb6 11. Nc4 Qa6 12. Qxa6 Bxa6 13. Nd2 Bxe2 14. Re1 Bg4 15. Nb3 Rfe8 16. Nc5 d6 17. Na6 Rb6 18. Nb4 c5 19. Nd5 Nxd5 20. Bxd5 Bd7 21. a4 a5 22. Re2 e6 23. Bf3 d5 24. g4 Bc6 25. Be3 d4 26. Bxc6 Rxc6 27. cxd4 cxd4 28. Bf4 e5 29. Rd1 e4 30. g5 f5 31. gxf6 Rxf6 32. Bc7 Rf5 33. Bb6 Rd5 34. Red2 d3 35. Be3 Rb8 36. f3 Rb3 37. fxe4 Rd7 38. Kf2 Kf7 39. Kf3 Ke6 40. Rc1 Rf7+ 41. Kg2 Ke5 42. Rc4 Bf8 43. Bf2 Bh6 44. Bg3+ Bf4 45. Rf2 g5 46. Rd2 h5 47. Rc8 Bxg3 48. Re8+ Kd4 49. Kxg3 Ke3 0-1

[Event "Petroupoli Master Division "]
[Site "Petroupoli"]
[Date "2012.11.28"]
[Round "4.2"]
[White "Karagiannis, Athanasios"]
[Black "Kesoglou, Konstantinos"]
[Result "1-0"]
[WhiteElo "2287"]
[BlackElo "2093"]
[PlyCount "83"]
[EventDate "2012.11.07"]
[EventType "swiss"]
[EventRounds "7"]
[EventCountry "GRE"]
[SourceTitle "EXT 2024"]
[Source "ChessBase"]
[SourceDate "2023.10.10"]
[SourceVersion "1"]
[SourceVersionDate "2023.10.10"]
[SourceQuality "1"]

1. d4 Nf6 2. Nc3 e6 3. e4 d5 4. Bg5 Bb4 5. e5 h6 6. Bd2 Bxc3 7. Bxc3 Ne4 8. Qg4 Qg5 9. Qxg5 hxg5 10. Bb4 g4 11. g3 c5 12. Bxc5 Nxc5 13. dxc5 Nd7 14. Bb5 Ke7 15. Bxd7 Bxd7 16. f4 Bc6 17. Ne2 Rh5 18. 0-0 Bb5 19. Rf2 Bxe2 20. Rxe2 g5 21. fxg5 Rxg5 22. Rf1 Rc8 23. b4 Rc7 24. Rf4 Kf8 25. c4 dxc4 26. Rxc4 b6 27. c6 b5 28. Rc5 a6 29. a4 bxa4 30. Ra2 f6 31. Rxa4 fxe5 32. Rxa6 Ke7 33. Ra8 Rf5 34. b5 Kd6 35. Rc1 e4 36. Rd8+ Ke7 37. Rb8 Kd6 38. b6 Rxc6 39. Rd8+ Ke7 40. Rxc6 Kxd8 41. b7 Kd7 42. Rb6 1-0